000 00325nam a22001337a 4500
020 _a9789353917487
082 _a294.54 RAV
100 _aRavi
245 _aReligion!: A Kindergarten to Spirituality
260 _aBangalore
_bAiR Institute of Realization
_c2019
300 _a151
650 _aHindu Philosophy
942 _cBK
999 _c23174
_d23174